| 000 | 00477nam a22001457a 4500 | ||
|---|---|---|---|
| 003 | 0 | ||
| 005 | 20221129123001.0 | ||
| 008 | 221115b xxu||||| |||| 00| 0 eng d | ||
| 050 |
_aQA 76.5 _b.B86 2019 |
||
| 245 |
_aOnline reservation system of homework restaurant bar _cPatrick Al B. Buo |
||
| 260 |
_aLas Pinas City, Philippines _bSouthville International School and Colleges _cC2019 |
||
| 300 |
_a103pp _c28cm. _fTheses |
||
| 500 | _aOnline reservation system. | ||
| 942 |
_2lcc _cTH |
||
| 999 |
_c364890 _d364890 |
||